[Event "Championnat de France - Vétérans"]
[Site "Aix-les-Bains"]
[Date "2007.08.25"]
[Round "11.10"]
[White "Laval, Hubert"]
[Black "Blum, Pierre"]
[Result "0-1"]
[WhiteElo "1910"]
[BlackElo "1835"]
[PlyCount "86"]
[EventDate "2007.??.??"]

1. Nf3 Nf6 2. g3 b5 3. Bg2 Bb7 4. O-O e6 5. d3 Nc6 6. e4 d6 7. c3 Be7 8. Re1 a5
9. Nbd2 O-O 10. Nf1 b4 11. h4 Re8 12. N1h2 a4 13. Bg5 e5 14. Bd2 Ba6 15. Bf1
Qb8 16. d4 bxc3 17. Bxc3 Bxf1 18. Nxf1 Qb5 19. Qc2 Rec8 20. a3 Nd7 21. Ne3 Na5
22. Rad1 Nb3 23. dxe5 Nxe5 24. Nxe5 dxe5 25. Rd5 Qc6 26. Nf5 Bf6 27. Rxe5 Re8
28. Rxe8+ Rxe8 29. Qd3 Bxc3 30. Qxc3 Qxc3 31. bxc3 Nd2 32. Re3 g6 33. Nh6+ Kg7
34. Ng4 Rxe4 35. f3 Rxe3 36. Nxe3 Nxf3+ 37. Kf2 Nd2 38. c4 Nb1 39. Nc2 Kf6 40.
Ke2 Ke5 41. Kd3 c5 42. Ne3 Nxa3 43. Kc3 Ke4 0-1